Statistics for Money To Country w/ Photos (Difficult)

Click here to take the quiz!

General Stats

  • This quiz has been taken 19 times
  • The average score is 11 of 20

Answer Stats

Answer% Correct
Afghanistan
100%
South Korea
89%
Poland
83%
Sweden
78%
Vietnam
78%
Ukraine
72%
Romania
67%
Bulgaria
61%
Uzbekistan
56%
Angola
50%
Armenia
44%
Albania
39%
Bhutan
39%
Tajikistan
39%
Cambodia
33%
Tonga
33%
Turkmenistan
33%
Zambia
28%
Botswana
22%
Cape Verde
22%

Score Distribution

Percentile by Number Answered

Percent of People with Each Score

Your Score History

You have not taken this quiz